000
00275nam a22001217a 4500
008
170508b xxu||||| |||| 00| 0 eng d
041
_a
eng
080
_2
4HT
_a
342
100
_a
15
101
_a
SHJ
245
_a
INSURANCE LAW AND REGULATION
_c
ABRAHAM, K.S
942
_2
udc
_c
BK
999
_c
13017
_d
13017